000 00800nam a22001697a 4500
003 OSt
005 20251215103349.0
008 251215b |||||||| |||| 00| 0 eng d
040 _cDCL
082 _a၂၉၄.၃၈၂၃၃
100 _aသူရိယ၊
_cအရှင်၊ ဒေါက်တာ-
245 1 0 _aသံယုတ္တနိကာယ်အနှစ်ချုပ် /
_cဒေါက်တာအရှင်သူရိယ။
260 _aရန်ကုန် ၊
_bမြတ်မျိုးမြန်မာစာပေ၊
_c၂၀၁၉။
300 _a၄၈၄ စာမျက်နှာ ၊
_c၂၁ စင်တီ။
650 _aအင်္ဂုတ္တရနိကာယ် အနှစ်ချုပ်။
942 _2ddc
_cSHORT TERM
_n0
999 _c2710
_d2710